| 000 -LEADER |
| fixed length control field |
00982nam a22001937a 4500 |
| 001 - CONTROL NUMBER |
| control field |
20702 |
| 003 - CONTROL NUMBER IDENTIFIER |
| control field |
BD-DhUAP |
| 005 - DATE AND TIME OF LATEST TRANSACTION |
| control field |
20201116154749.0 |
| 008 - FIXED-LENGTH DATA ELEMENTS--GENERAL INFORMATION |
| fixed length control field |
201116s2017 bg a|||| |||| 00| 0 ben d |
| 020 ## - INTERNATIONAL STANDARD BOOK NUMBER |
| International Standard Book Number |
9789843427465 |
| 040 ## - CATALOGING SOURCE |
| Original cataloging agency |
BD-DhUAP |
| Language of cataloging |
Ben |
| Transcribing agency |
BD-DhUAP |
| Modifying agency |
BD-DhUAP |
| 082 ## - DEWEY DECIMAL CLASSIFICATION NUMBER |
| Edition number |
23 |
| Classification number |
324.22092 PHO |
| 245 ## - TITLE STATEMENT |
| Title |
ছবির ভাষায় মহানায়ক বঙ্গবন্ধু ও বাংলাদেশ = Photographs of great leader Bangabandhu Sheikh Mujibur Rahman & Bangladesh / |
| Statement of responsibility, etc. |
আলহামরা নাসরীন হোসেন লুইজা কর্তৃক সম্পাদিত। |
| 260 ## - PUBLICATION, DISTRIBUTION, ETC. |
| Place of publication, distribution, etc. |
ঢাকা : |
| Name of publisher, distributor, etc. |
বর্ণ প্রকাশ, |
| Date of publication, distribution, etc. |
২০১৭। |
| 300 ## - PHYSICAL DESCRIPTION |
| Extent |
৪৬২ পৃষ্ঠা : |
| Other physical details |
চিত্র ; |
| Dimensions |
২২ + ২৯ সেমি.। |
| 600 ## - SUBJECT ADDED ENTRY--PERSONAL NAME |
| Personal name |
Rahman, Sheikh Mujibur |
| Dates associated with a name |
1920-1975 |
| Title of a work |
Biography. |
| 700 ## - ADDED ENTRY--PERSONAL NAME |
| Personal name |
লুইজা, আলহামরা নাসরীন হোসেন। |
| 942 ## - ADDED ENTRY ELEMENTS (KOHA) |
| Source of classification or shelving scheme |
|
| Koha item type |
Book |